000 00742nam a2200229 i 4500
001 110906
003 ES-MaACL
005 20230906185212.0
007 t|
008 040429s1917 sp ||||1| spa d
080 _a821.133.1-22"19"
100 1 _aBernard, Tristan.
_928259
245 1 0 _aPetit café
_b: comedia en tres actos y en prosa /
_coriginal de Tristán Bernard.
260 _a[Madrid :
_bLa Novela Teatral,
_c1917]
300 _a[48] p. ;
_c20 cm.
490 1 _aLa novela teatral ;
_v47
500 _aCaricatura de La Fornarina, por Tovar, en la cubierta.
700 0 _aTovar
_c, ilustrador.
_9157378
830 0 _aLa novela teatral ;
_v47
_9122427
852 _aES-MaACL
_j2214-F-32
_bR.138701
999 _c110906
_d110906